000 00685nam a22002297a 4500
003 UA-OsUOA
001 76308
007 ta
008 20110623b un ||||| |||| 00| 0 ukr d
090 _a94(3)
_bД73
942 _cBK
040 _aUA-OsUOA
_brus
_cUA-OsUOA
_dUA-OsUOA
245 _aДревняя Русь в свете зарубежных источников
300 _a352 с.
955 _a2
041 _arus
080 _a94(3)
020 _a978-5-91244-006-9
260 _aМ.
_bРусский Фонд Содействия Образованию и Науке
_c2009
650 7 _a9 Географія. Біографії. Історія
_2UDC
999 _c362609
_d362609